Guess the kpop groups/ soloist by their song - Statistics

General Stats
  • This quiz has been taken 184 times
  • The average score is 23 of 50
Answer Stats
Hint Answer % Correct
Magic Shop BTS
96%
Spicy Aespa
90%
WORK ATEEZ
82%
SPOT Zico
79%
Celebrate TWICE
75%
The Happiest Girl BLACKPINK
74%
Sour Grapes Le Sserafim
69%
SLAY Everglow
68%
Chaconne Enhypen
66%
Love Wins All IU
66%
LALALI Seventeen
64%
19 Stray Kids
64%
LIKE THAT BabyMonster
61%
Hurt NewJeans
61%
The Killa TxT
61%
Revenge (G)I-DLE
59%
Dumb Dumb Red Velvet
57%
Jump P1Harmony
54%
My House 2PM
52%
Dynamite ITZY
52%
Shoong! Taeyang
48%
SWEAT ZeroBaseOne
46%
Dancing King EXO
45%
Love Me Little Monsta X
44%
Never Goodbye NCT DREAM
43%
Candy Sugar Pop Astro
42%
Midnight Fiction ILLIT
42%
Gold Dust NCT 127
42%
Sweet Juice Purple Kiss
42%
ROAR TheBoyz
42%
Love Like Oxygen Shinee
39%
Piano Man MAMAMOO
38%
Moonwalk WayV
37%
Shoot Me Day6
35%
Black Suit Super Junior
35%
D-D-DANCE IZ*ONE
31%
Talk & Talk Fromis_9
29%
Without You KARD
28%
Not Like You StayC
25%
Red Sun Xikers
24%
I'm Ready Chung Ha
21%
Unplugged Boy TWS
21%
PARANOIA Kang Daniel
20%
Bye My Neverland KISSOFLIFE
20%
We Go! NCT WISH
17%
Patbingsu Billlie
16%
Macarena BLITZERS
13%
Road Not Taken &TEAM
12%
24 TripleS
12%
Ascension Kingdom
9%
No matching quizzes found
Score Distribution
Percent of People with Each Score
Percentile by Number Answered
Your Score History
You have not taken this quiz